=LDR 00000nam 2200000 4500 =001 INLIS000000000022710 =005 20130612121436 =008 ***********************************ind** =035 ##$$a0010-061300000022710 =041 ##$$a ind =082 ##$$a 701.15 =090 ##$$a 701.15, SUL b =100 ##$$a Sulistyowati, Retno =245 ##$$a Bunga dari kertas tisu, Retno Sulistyowati =260 ##$$a 2006 $b Surabaya =300 ##$$a vii, 64 hlm., ilus., 18 cm =650 ##$$a Kreasi =850 ##$$a NBPNMAT =990 ##$$a 93259/BPAP-NTB/2014